000 00263nam a2200109Ia 4500
008 190912s9999||||xx |||||||||||||| ||und||
100 _aIMRAN,Ibrahim
245 0 _aEducational GUIDE OF pakistan
260 _aLahore
_bMcGraw-Hill
_c2000
300 _a577
942 _cBK
999 _c7339
_d7339